| 000 | 00657nam a2200205Ia 4500 | ||
|---|---|---|---|
| 003 | GCL | ||
| 008 | 140319s9999 xx 000 0 ara d | ||
| 040 |
_aGCL / _cGCL |
||
| 082 | 0 | 4 |
_a327.114 _bا غ |
| 100 | 1 | _aالارقم الزعبى | |
| 245 | 1 | 0 |
_aالغزو اليهودى للمياة العربية / _cالارقم الزعبى |
| 260 |
_a[S.N] : _bدار النفائس للطباعة والنشر ، _c1992 |
||
| 300 | _a167 ص | ||
| 490 | _a | ||
| 650 | 0 | 4 | _aالعالم العربى |
| 650 | 0 | 4 | _aالنزاع العربى الاسرائيلى |
| 650 | 0 | 4 | _aالمياه |
| 650 | 0 | 4 | _aالمياه الاقليمية |
| 942 |
_2ddc _cBK |
||
| 999 |
_c30557 _d30557 |
||